Marvel's Runaways episodes - Statistics

General Stats
  • This quiz has been taken 5 times
  • The average score is 10 of 33
Answer Stats
season Answer % Correct
1 Reunion
80%
Rewind
80%
Doomsday
60%
Hostile
60%
3 Smoke and Mirrors
60%
Destiny
40%
Fifteen
40%
Hostile Takeover
40%
Kingdom
40%
Left hand Path
40%
Metamorphosis
40%
Big Shot
20%
Bury Another
20%
Cheat the Gallows
20%
Devil's Torture Chamber
20%
Double Zeros
20%
Earth Angel
20%
Enter the Dreamland
20%
Last Rites
20%
Last Waltz
20%
Lord of Lies
20%
Merry Meet Again
20%
Old School
20%
Past Life
20%
Radio On
20%
Refraction
20%
Rite of Thunder
20%
Rock Bottom
20%
Split up
20%
The Broken Circle
20%
The Great Escape
20%
Tsunami
20%
2 Gimmie Shelter
0%
No matching quizzes found
Score Distribution
Percent of People with Each Score
Percentile by Number Answered
Your Score History
You have not taken this quiz